[Event "GRE-ch U12"]
[Site "Rio Achaia"]
[Date "2015.06.26"]
[Round "1.22"]
[White "Lappas, Konstantinos"]
[Black "Oumoutidis, Christos"]
[Result "0-1"]
[WhiteElo "2015"]
[BlackElo "1370"]
[PlyCount "112"]
[EventDate "2015.06.26"]
[EventType "swiss"]
[EventRounds "9"]
[EventCountry "GRE"]
[SourceTitle "EXT 2024"]
[Source "ChessBase"]
[SourceDate "2023.10.10"]
[SourceVersion "1"]
[SourceVersionDate "2023.10.10"]
[SourceQuality "1"]

1. e4 e5 2. Nf3 Nc6 3. Nc3 Nf6 4. d4 exd4 5. Nxd4 Nxd4 6. Qxd4 d6 7. Bg5 Be7 8. Bd3 0-0 9. 0-0 Re8 10. Rfe1 Be6 11. Ne2 Nd7 12. Bxe7 Qxe7 13. Nf4 Ne5 14. Be2 Nc6 15. Qe3 Rad8 16. Qg3 Qf6 17. Nxe6 Qxe6 18. Bg4 Qe5 19. Qxe5 Rxe5 20. c3 Rde8 21. f3 d5 22. Bd7 R8e7 23. Bxc6 bxc6 24. Rad1 f5 25. Kf2 fxe4 26. fxe4 Rxe4 27. Rxe4 Rxe4 28. Re1 Rxe1 29. Kxe1 Kf7 30. Ke2 Ke6 31. Ke3 c5 32. b3 Ke5 33. g3 d4+ 34. cxd4+ cxd4+ 35. Kd3 Kd5 36. b4 c5 37. bxc5 Kxc5 38. h4 h5 39. a3 a6 40. Kd2 Kc4 41. Kc2 d3+ 42. Kd2 Kd4 43. a4 a5 44. Kd1 Kc3 45. Kc1 g6 46. Kd1 d2 47. Ke2 Kc2 48. Kf3 d1Q+ 49. Kf4 Qg4+ 50. Ke5 Qf5+ 51. Kd4 Kd2 52. Kc4 Qe5 53. Kb3 Qd4 54. Ka3 Qb4+ 55. Ka2 Kc2 56. Ka1 Qb2# 0-1

[Event "Isthmia op 1st"]
[Site "Vrachati"]
[Date "2011.08.20"]
[Round "3"]
[White "Lappas, Konstantinos"]
[Black "Papadimitriou, Athanasios"]
[Result "0-1"]
[WhiteElo "1972"]
[BlackElo "2184"]
[PlyCount "90"]
[EventDate "2011.08.18"]
[EventType "swiss"]
[EventRounds "9"]
[EventCountry "GRE"]
[SourceTitle "CBM 144 Extra"]
[Source "ChessBase"]
[SourceDate "2011.10.28"]
[SourceVersion "1"]
[SourceVersionDate "2011.10.28"]
[SourceQuality "1"]

1. e4 d5 2. exd5 Nf6 3. Bb5+ Bd7 4. Bc4 Bf5 5. Nc3 Nbd7 6. Qf3 g6 7. d3 Bg7 8. h3 h5 9. Bg5 a6 10. a4 0-0 11. Nge2 Ne5 12. Qf4 Qd6 13. 0-0 Nh7 14. Bh4 Qb4 15. Ra3 Qxb2 16. Ra2 Qb4 17. Rb1 Qd6 18. Rxb7 Rab8 19. Rab2 Rxb7 20. Rxb7 Bc8 21. Rb3 f5 22. f3 Kh8 23. Qe3 f4 24. Qa7 g5 25. Bf2 g4 26. hxg4 hxg4 27. fxg4 f3 28. Ng3 Nxg4 29. Nce4 Qf4 30. gxf3 Qxf3 31. d4 Qd1+ 32. Bf1 Nxf2 33. Nxf2 Bxd4 34. Qxc7 Bxf2+ 35. Kh2 Bxg3+ 36. Rxg3 Qxf1 37. Rg2 Qf6 38. Qg3 Bf5 39. Rf2 Ng5 40. Qh4+ Kg7 41. Qf4 Rh8+ 42. Kg2 Be4+ 43. Kf1 Rh1+ 44. Ke2 Bf3+ 45. Rxf3 Nxf3 0-1

[Event "Isthmia op 1st"]
[Site "Vrachati"]
[Date "2011.08.18"]
[Round "1"]
[White "Lappas, Konstantinos"]
[Black "Kapnisis, Spyridon"]
[Result "0-1"]
[WhiteElo "1972"]
[BlackElo "2529"]
[PlyCount "112"]
[EventDate "2011.08.18"]
[EventType "swiss"]
[EventRounds "9"]
[EventCountry "GRE"]
[SourceTitle "CBM 144 Extra"]
[Source "ChessBase"]
[SourceDate "2011.10.28"]
[SourceVersion "1"]
[SourceVersionDate "2011.10.28"]
[SourceQuality "1"]

1. e4 e5 2. Nf3 Nc6 3. d4 exd4 4. Nxd4 Qf6 5. Nxc6 Bc5 6. Qf3 dxc6 7. Bc4 Ne7 8. Qxf6 gxf6 9. Bf4 Bb6 10. Nc3 Ng6 11. Bg3 h5 12. h4 Ne5 13. Be2 a5 14. Bf4 Be6 15. Nd1 a4 16. Be3 Ba5+ 17. Bd2 Bxd2+ 18. Kxd2 0-0-0+ 19. Kc3 c5 20. Ne3 Rd4 21. f3 c6 22. a3 b5 23. b3 Rhd8 24. Rad1 b4+ 25. axb4 cxb4+ 26. Kb2 axb3 27. Rxd4 Rxd4 28. Rd1 Rxd1 29. Bxd1 bxc2 30. Nxc2 c5 31. Ne3 c4 32. g4 hxg4 33. Nxg4 Bxg4 34. fxg4 Kd7 35. Ba4+ Kd6 36. Bd1 Kc5 37. h5 Kd4 38. h6 Ng6 39. h7 Ke3 40. Bc2 Nh8 41. Bb1 Ke2 42. Ba2 b3 43. Bb1 Kd2 44. e5 fxe5 45. Bf5 f6 46. Bb1 Ke3 47. Kc3 Kf3 48. Kxc4 e4 49. Kxb3 e3 50. Bd3 e2 51. Bxe2+ Kxe2 52. Kc4 Kf3 53. Kd4 Kxg4 54. Ke4 Kg5 55. Kd5 Kg6 56. Ke6 Nf7 0-1

[Event "Rethymno op 3rd"]
[Site "Rethymno"]
[Date "2011.07.11"]
[Round "1"]
[White "Kryvoruchko, Yuriy"]
[Black "Lappas, Konstantinos"]
[Result "1-0"]
[WhiteElo "2652"]
[BlackElo "1972"]
[PlyCount "89"]
[EventDate "2011.07.11"]
[EventType "swiss"]
[EventRounds "9"]
[EventCountry "GRE"]
[SourceTitle "CBM 143 Extra"]
[Source "ChessBase"]
[SourceDate "2011.08.29"]
[SourceVersion "1"]
[SourceVersionDate "2011.08.29"]
[SourceQuality "1"]

1. e4 c5 2. Nf3 d6 3. d4 cxd4 4. Nxd4 Nf6 5. Nc3 a6 6. h3 e5 7. Nb3 Be6 8. Be3 Nbd7 9. g4 h6 10. Qd2 b5 11. Bg2 Nb6 12. Na5 Nc4 13. Nxc4 Bxc4 14. f4 b4 15. Ne2 d5 16. exd5 Bxd5 17. Ng3 Bxg2 18. Qxg2 Qd5 19. Qe2 exf4 20. Bxf4+ Qe6 21. Qxe6+ fxe6 22. 0-0-0 Bc5 23. Rhe1 Kf7 24. Ne4 Nxe4 25. Rxe4 Rad8 26. Rf1 Rd5 27. Bd6+ Kg8 28. Bxc5 Rxc5 29. Rxb4 h5 30. Rb8+ Kh7 31. Rxh8+ Kxh8 32. gxh5 Rxh5 33. Rf3 Ra5 34. a3 Kh7 35. c4 Rc5 36. Rc3 Kg6 37. b4 Rc8 38. c5 Kf5 39. a4 Ke5 40. Kc2 Kd4 41. c6 Kd5 42. b5 Kd6 43. b6 Rxc6 44. Rxc6+ Kxc6 45. a5 1-0

[Event "Athens Smaok op 11th"]
[Site "Athens"]
[Date "2011.05.24"]
[Round "3"]
[White "Lappas, Konstantinos"]
[Black "Kourkoulos Arditis, Stamatis"]
[Result "0-1"]
[WhiteElo "1995"]
[BlackElo "2102"]
[PlyCount "46"]
[EventDate "2011.05.10"]
[EventType "swiss"]
[EventRounds "7"]
[EventCountry "GRE"]
[SourceTitle "EXT 2024"]
[Source "ChessBase"]
[SourceDate "2023.10.10"]
[SourceVersion "1"]
[SourceVersionDate "2023.10.10"]
[SourceQuality "1"]

1. e4 c5 2. Nf3 e6 3. d4 cxd4 4. Nxd4 Nf6 5. Nc3 d6 6. g4 h6 7. h4 Nc6 8. Rg1 d5 9. exd5 Nxd5 10. Nxd5 exd5 11. Be3 Bd6 12. Bb5 Bd7 13. Qf3 0-0 14. Nxc6 bxc6 15. Bd3 Qa5+ 16. Kf1 Be5 17. g5 h5 18. Qxh5 g6 19. Bxg6 fxg6 20. Qxg6+ Bg7 21. Bd4 Bh3+ 22. Ke2 Rae8+ 23. Kd1 Bg4+ 0-1

[Event "EU-ch 12th"]
[Site "Aix les Bains"]
[Date "2011.03.31"]
[Round "9"]
[White "Lappas, Konstantinos"]
[Black "Frick, Christoph"]
[Result "1-0"]
[WhiteElo "1949"]
[BlackElo "2226"]
[PlyCount "62"]
[EventDate "2011.03.22"]
[EventType "swiss"]
[EventRounds "11"]
[EventCountry "FRA"]
[SourceTitle "CBM 142 Extra"]
[Source "ChessBase"]
[SourceDate "2011.06.27"]
[SourceVersion "1"]
[SourceVersionDate "2011.06.27"]
[SourceQuality "1"]

1. e4 g6 2. d4 Bg7 3. Nc3 d6 4. Be3 a6 5. Qd2 Nd7 6. h4 h5 7. 0-0-0 b5 8. a3 Bb7 9. Nh3 Rc8 10. Kb1 c5 11. dxc5 Nxc5 12. f3 Qc7 13. Nf4 Nf6 14. Be2 Ncd7 15. Rc1 Nb6 16. Ncd5 Bxd5 17. Nxd5 Nfxd5 18. exd5 Nc4 19. Bxc4 Qxc4 20. Bg5 Kd7 21. Rhe1 e5 22. dxe6+ fxe6 23. Re4 Qc5 24. Qd3 Rhf8 25. Rce1 Rce8 26. Be3 Qc6 27. Rf4 Rf5 28. g4 Rxf4 29. Bxf4 Qd5 30. Qxg6 Bxb2 31. Bg5 Bc3 1-0

[Event "EU-ch 12th"]
[Site "Aix les Bains"]
[Date "2011.03.30"]
[Round "8"]
[White "Renaze, Luc"]
[Black "Lappas, Konstantinos"]
[Result "1-0"]
[WhiteElo "2286"]
[BlackElo "1949"]
[PlyCount "85"]
[EventDate "2011.03.22"]
[EventType "swiss"]
[EventRounds "11"]
[EventCountry "FRA"]
[SourceTitle "CBM 142 Extra"]
[Source "ChessBase"]
[SourceDate "2011.06.27"]
[SourceVersion "1"]
[SourceVersionDate "2011.06.27"]
[SourceQuality "1"]

1. c4 Nf6 2. d4 g6 3. Nc3 Bg7 4. e4 d6 5. Be2 0-0 6. Nf3 e5 7. d5 c5 8. Bg5 h6 9. Bh4 Bg4 10. h3 Bxf3 11. Bxf3 a6 12. 0-0 Nbd7 13. a3 Re8 14. Rb1 Bf8 15. Qe2 Be7 16. Bg3 h5 17. b4 Qc7 18. Na4 b6 19. Qd3 Nh7 20. Bd1 Bg5 21. bxc5 bxc5 22. Nc3 Nb6 23. Bc2 Nf8 24. Rb3 Rab8 25. Rfb1 Nbd7 26. f3 Kg7 27. Be1 f6 28. h4 Bh6 29. Ne2 g5 30. Ng3 gxh4 31. Nf5+ Kh7 32. Rxb8 Rxb8 33. Ba4 Rxb1 34. Qxb1 Bg5 35. Qb3 Kg6 36. Bc6 Qb6 37. Qxb6 Nxb6 38. Nxd6 Be3+ 39. Kf1 Kg5 40. Ke2 Bc1 41. a4 h3 42. gxh3 Kf4 43. a5 1-0

[Event "EU-ch 12th"]
[Site "Aix les Bains"]
[Date "2011.03.23"]
[Round "2"]
[White "Buhmann, Rainer"]
[Black "Lappas, Konstantinos"]
[Result "1-0"]
[WhiteElo "2590"]
[BlackElo "1950"]
[PlyCount "145"]
[EventDate "2011.03.22"]
[EventType "swiss"]
[EventRounds "11"]
[EventCountry "FRA"]
[SourceTitle "CBM 142 Extra"]
[Source "ChessBase"]
[SourceDate "2011.06.27"]
[SourceVersion "1"]
[SourceVersionDate "2011.06.27"]
[SourceQuality "1"]

1. Nf3 Nf6 2. c4 g6 3. Nc3 Bg7 4. e4 d6 5. d4 0-0 6. Be2 e5 7. 0-0 Nc6 8. d5 Ne7 9. b4 Nh5 10. Re1 f5 11. Ng5 Nf6 12. Bf3 c6 13. Be3 h6 14. Ne6 Bxe6 15. dxe6 fxe4 16. Nxe4 Nxe4 17. Bxe4 d5 18. cxd5 cxd5 19. Bc5 dxe4 20. Qxd8 Rfxd8 21. Bxe7 Re8 22. Bc5 b6 23. Be3 Rxe6 24. a4 Rc8 25. b5 Rc2 26. Rec1 Rxc1+ 27. Rxc1 Kf7 28. Kf1 Bf8 29. Ke2 g5 30. Rc4 Re7 31. Rxe4 Ke6 32. h4 Kd5 33. f3 Rg7 34. hxg5 hxg5 35. Rg4 Be7 36. Kd3 Rg8 37. Rg3 Rg7 38. Bd2 Bf6 39. Rg4 Be7 40. Be3 Rg8 41. Rg3 Rg7 42. Rh3 Bf6 43. Rh6 Be7 44. Rh5 Bd8 45. Rh8 Be7 46. Ra8 Bf6 47. Rf8 Be7 48. Ra8 Bf6 49. g4 Rc7 50. Rg8 Rc4 51. Rf8 Be7 52. Rf7 e4+ 53. fxe4+ Rxe4 54. Rg7 Re5 55. Rg8 Ba3 56. Rxg5 Rxg5 57. Bxg5 Bb2 58. Bd2 Kc5 59. g5 Bg7 60. g6 Bf8 61. Bg5 Bg7 62. Be7+ Kd5 63. Bb4 Ke6 64. Ke4 Bb2 65. Bf8 Kf6 66. g7 Kf7 67. Kd5 Bc3 68. Kc6 Ba5 69. Kb7 Kg8 70. Kxa7 Kf7 71. Kb7 Kg8 72. Kc6 Kf7 73. Bd6 1-0

[Event "Athens Smaok 1900+ op 9th"]
[Site "Athens"]
[Date "2011.01.18"]
[Round "1"]
[White "Kokolias, Konstantinos"]
[Black "Lappas, Konstantinos"]
[Result "1-0"]
[WhiteElo "2163"]
[BlackElo "1938"]
[PlyCount "73"]
[EventDate "2011.01.18"]
[EventType "swiss"]
[EventRounds "7"]
[EventCountry "GRE"]
[SourceTitle "EXT 2024"]
[Source "ChessBase"]
[SourceDate "2023.10.10"]
[SourceVersion "1"]
[SourceVersionDate "2023.10.10"]
[SourceQuality "1"]

1. e4 c5 2. g3 Nc6 3. Bg2 g6 4. d3 Bg7 5. f4 e6 6. c3 Nge7 7. Nf3 d5 8. e5 Nf5 9. 0-0 0-0 10. Na3 Rb8 11. Nc2 b5 12. g4 Nh4 13. Nxh4 Qxh4 14. Be3 Qe7 15. a3 a5 16. Qd2 Rd8 17. Qf2 Bf8 18. d4 c4 19. Qg3 b4 20. axb4 axb4 21. f5 bxc3 22. bxc3 Rb2 23. Rf2 Qb7 24. fxg6 fxg6 25. Raf1 Bg7 26. Bg5 Rf8 27. Bf6 Bxf6 28. exf6 Rf7 29. g5 Qb3 30. Qd6 Rxc2 31. Qxc6 Bd7 32. Qc7 Rxf2 33. Rxf2 Be8 34. Qc8 Rf8 35. Qxe6+ Bf7 36. Qh3 Re8 37. Qh6 1-0

[Event "London Classic op"]
[Site "London"]
[Date "2010.12.13"]
[Round "7"]
[White "McKenna, Jason P"]
[Black "Lappas, Konstantinos"]
[Result "1/2-1/2"]
[WhiteElo "2081"]
[BlackElo "1858"]
[PlyCount "83"]
[EventDate "2010.12.08"]
[EventType "swiss"]
[EventRounds "9"]
[EventCountry "ENG"]
[SourceTitle "CBM 139 Extra"]
[Source "ChessBase"]
[SourceDate "2011.01.05"]
[SourceVersion "1"]
[SourceVersionDate "2011.01.05"]
[SourceQuality "1"]

1. e4 c5 2. Nf3 d6 3. d4 cxd4 4. Nxd4 Nf6 5. Nc3 a6 6. g3 e5 7. Nde2 Be7 8. Bg2 0-0 9. 0-0 Nbd7 10. a4 Qc7 11. h3 b6 12. g4 Bb7 13. Ng3 g6 14. Bh6 Rfc8 15. Qd2 b5 16. axb5 axb5 17. Rxa8 Bxa8 18. Nxb5 Qxc2 19. Rc1 Qxc1+ 20. Qxc1 Rxc1+ 21. Bxc1 Nc5 22. Bg5 Kg7 23. Nc7 Bc6 24. b4 Ne6 25. Bxf6+ Bxf6 26. Nd5 Bd8 27. Ne2 Bxd5 28. exd5 Nd4 29. Nxd4 exd4 30. f4 Bb6 31. Kf1 Kf6 32. Ke2 Ke7 33. Kd3 f6 34. Be4 Ba7 35. Kc4 d3 36. Bxd3 Kd7 37. h4 Be3 38. f5 g5 39. hxg5 Bxg5 40. Bc2 h6 41. Ba4+ Kc7 42. Be8 1/2-1/2

[Event "London Classic op"]
[Site "London"]
[Date "2010.12.12"]
[Round "5"]
[White "Seymour, Timothy P"]
[Black "Lappas, Konstantinos"]
[Result "0-1"]
[WhiteElo "2052"]
[BlackElo "1858"]
[PlyCount "66"]
[EventDate "2010.12.08"]
[EventType "swiss"]
[EventRounds "9"]
[EventCountry "ENG"]
[SourceTitle "CBM 139 Extra"]
[Source "ChessBase"]
[SourceDate "2011.01.05"]
[SourceVersion "1"]
[SourceVersionDate "2011.01.05"]
[SourceQuality "1"]

1. d4 Nf6 2. c4 c5 3. d5 b5 4. Nf3 bxc4 5. Nc3 d6 6. e4 g6 7. Bxc4 Bg7 8. 0-0 0-0 9. Re1 Nbd7 10. a4 a5 11. Bb5 Ba6 12. Qc2 Ne8 13. Bf4 Bxb5 14. axb5 f6 15. h4 Ne5 16. h5 Nxf3+ 17. gxf3 g5 18. Be3 Qd7 19. Kh2 Nc7 20. Qe2 Rfb8 21. f4 Nxb5 22. fxg5 Nd4 23. Qd1 fxg5 24. Bxg5 Rxb2 25. Ra2 Rab8 26. Rg1 Kh8 27. h6 Be5+ 28. Kg2 Rxa2 29. Nxa2 Rg8 30. Qh5 Bf4 31. Kh1 Rxg5 32. Rxg5 Bxg5 33. Qxg5 Qh3+ 0-1

[Event "London Classic op"]
[Site "London"]
[Date "2010.12.11"]
[Round "4"]
[White "Lappas, Konstantinos"]
[Black "Vanheirzeele, Daniel"]
[Result "0-1"]
[WhiteElo "1858"]
[BlackElo "2114"]
[PlyCount "32"]
[EventDate "2010.12.08"]
[EventType "swiss"]
[EventRounds "9"]
[EventCountry "ENG"]
[SourceTitle "CBM 139 Extra"]
[Source "ChessBase"]
[SourceDate "2011.01.05"]
[SourceVersion "1"]
[SourceVersionDate "2011.01.05"]
[SourceQuality "1"]

1. e4 c5 2. Nf3 d6 3. d4 cxd4 4. Nxd4 Nf6 5. Nc3 g6 6. Be3 a6 7. f3 Nbd7 8. Qd2 Bg7 9. g4 b5 10. 0-0-0 Bb7 11. h4 h5 12. g5 Nh7 13. Bd3 0-0 14. f4 e5 15. Nde2 Re8 16. Rhf1 exf4 0-1

[Event "London Classic op"]
[Site "London"]
[Date "2010.12.09"]
[Round "2"]
[White "Lappas, Konstantinos"]
[Black "Britton, Richard"]
[Result "0-1"]
[WhiteElo "1858"]
[BlackElo "2229"]
[PlyCount "136"]
[EventDate "2010.12.08"]
[EventType "swiss"]
[EventRounds "9"]
[EventCountry "ENG"]
[SourceTitle "CBM 139 Extra"]
[Source "ChessBase"]
[SourceDate "2011.01.05"]
[SourceVersion "1"]
[SourceVersionDate "2011.01.05"]
[SourceQuality "1"]

1. e4 c5 2. Nf3 d6 3. d4 cxd4 4. Nxd4 Nf6 5. Nc3 a6 6. Bc4 e6 7. Bb3 b5 8. 0-0 Be7 9. Qf3 Qb6 10. Be3 Qb7 11. Qg3 Bd7 12. f3 0-0 13. Rfd1 Nc6 14. Nxc6 Bxc6 15. Ne2 a5 16. c3 a4 17. Bc2 b4 18. cxb4 Qxb4 19. Bd4 e5 20. Bc3 Qb7 21. Rd2 Rfc8 22. Rad1 Nd7 23. Nf4 Nf6 24. Nd5 Bxd5 25. exd5 a3 26. Bb3 h6 27. Qe1 Nd7 28. f4 Bf6 29. fxe5 Bxe5 30. Bxe5 Nxe5 31. bxa3 Rxa3 32. Qe4 Re8 33. Rc2 g6 34. Rdc1 Qb6+ 35. Kh1 Raa8 36. Qh4 h5 37. h3 Rab8 38. Qg3 Kh7 39. Kh2 Kg7 40. Rc7 Qd4 41. Rf1 Rbc8 42. Rxc8 Rxc8 43. Qf4 Qb6 44. Qf6+ Kg8 45. Re1 Re8 46. Rf1 Qc5 47. Qf4 Rc8 48. Qf6 Qb4 49. Qf4 Qb6 50. Qf2 Qb5 51. Qf6 Kh7 52. Re1 Qb4 53. Rf1 Rc3 54. Qf4 Qc5 55. Qf2 Qc7 56. Qf6 Kg8 57. Re1 Rd3 58. Rf1 Re3 59. Qf4 Qc3 60. Qf6 Re2 61. Rf2 Re1 62. Rf1 Qa1 63. Kg1 Qd4+ 64. Kh2 Re2 65. Qxd6 Qd2 66. Rg1 Nf3+ 67. Kh1 Rxg2 68. Ra1 Rh2+ 0-1

[Event "London Classic op"]
[Site "London"]
[Date "2010.12.08"]
[Round "1"]
[White "Tate, Alan"]
[Black "Lappas, Konstantinos"]
[Result "1/2-1/2"]
[WhiteElo "2234"]
[BlackElo "1858"]
[PlyCount "42"]
[EventDate "2010.12.08"]
[EventType "swiss"]
[EventRounds "9"]
[EventCountry "ENG"]
[SourceTitle "CBM 139 Extra"]
[Source "ChessBase"]
[SourceDate "2011.01.05"]
[SourceVersion "1"]
[SourceVersionDate "2011.01.05"]
[SourceQuality "1"]

1. e4 c5 2. Nf3 d6 3. c3 Nf6 4. h3 Nc6 5. d3 g6 6. Be2 Bg7 7. Nbd2 e5 8. 0-0 0-0 9. Re1 h6 10. Bf1 Nh5 11. Nc4 b5 12. Ne3 Nf4 13. Nd5 Nxd5 14. exd5 Ne7 15. d4 exd4 16. cxd4 Nxd5 17. Bxb5 Rb8 18. Bc4 Nb6 19. Bf1 Be6 20. dxc5 dxc5 21. Bf4 Rb7 1/2-1/2

[Event "Athens Smaok 1900+ op 6th"]
[Site "Athens"]
[Date "2010.05.11"]
[Round "1.9"]
[White "Delithanasis, Dimitrios"]
[Black "Lappas, Konstantinos"]
[Result "1/2-1/2"]
[WhiteElo "2167"]
[BlackElo "1935"]
[PlyCount "122"]
[EventDate "2010.05.11"]
[EventType "swiss"]
[EventRounds "7"]
[EventCountry "GRE"]
[SourceTitle "EXT 2024"]
[Source "ChessBase"]
[SourceDate "2023.10.10"]
[SourceVersion "1"]
[SourceVersionDate "2023.10.10"]
[SourceQuality "1"]

1. Nf3 Nf6 2. c4 g6 3. Nc3 Bg7 4. e4 d6 5. g3 c5 6. d4 cxd4 7. Nxd4 Nc6 8. Nb3 0-0 9. Bf4 a6 10. Bg2 Be6 11. Nd5 Bxd5 12. exd5 Na5 13. Nxa5 Qxa5+ 14. Qd2 Qa4 15. b3 Qa3 16. Qc1 Qa5+ 17. Bd2 Qb6 18. 0-0 a5 19. Rb1 Rfc8 20. Bh3 Rc7 21. Be3 Qa6 22. Rd1 a4 23. Qc2 axb3 24. axb3 b5 25. Bf1 bxc4 26. bxc4 Qc8 27. Rb5 Ng4 28. Bb6 Rb7 29. Bh3 f5 30. Bxg4 fxg4 31. Rdb1 Qf5 32. Qxf5 gxf5 33. Be3 Rd7 34. Rb8+ Rxb8 35. Rxb8+ Kf7 36. Rc8 Rb7 37. h4 Rb1+ 38. Kg2 Bf6 39. h5 Rb2 40. Kf1 Bc3 41. Ra8 Rb1+ 42. Ke2 Rh1 43. h6 Bf6 44. Rc8 Rh5 45. Kd3 Bg5 46. Rh8 Bxe3 47. Kxe3 Rxh6 48. Kf4 Rh5 49. Rc8 Kg7 50. Rc7 Kf6 51. c5 dxc5 52. Rc6+ Kf7 53. Rxc5 Rh2 54. Rc2 Kf6 55. Rc6+ Kf7 56. Kxf5 Rxf2+ 57. Kxg4 Rd2 58. Rh6 Rd4+ 59. Kf3 Kg7 60. Re6 Rxd5 61. Rxe7+ Kg6 1/2-1/2